| 000 | 00557nam a22002057a 4500 | ||
|---|---|---|---|
| 003 | 0 | ||
| 005 | 20251108110350.0 | ||
| 008 | 251108b xxu||||| |||| 00| 0 eng d | ||
| 020 | _a0-345-45381-6 | ||
| 050 |
_aPS 3557.A724 _b.G244 2002 |
||
| 100 |
_aGarwood, Julie, _eauthor. |
||
| 245 |
_aKilljoy / _cJulie Garwood. |
||
| 260 |
_aNew York, NY : _bBallantine Books, _c2002. |
||
| 300 |
_a441 pages ; _c18 cm. |
||
| 650 |
_aFamily life _xFiction. |
||
| 650 | _aLove stories. | ||
| 650 | _aRomance fiction. | ||
| 650 |
_aWomen _xFiction. |
||
| 942 |
_2lcc _cBK |
||
| 999 |
_c368546 _d368546 |
||